• 首页
  • 本馆介绍
  • 公告通知
  • 最新文献
  • 馆藏检索
  • 电子资源
  • 读者导购
  • 参考咨询
  • 我的图书馆
  • 登录
  • 详细信息显示
  • 放入我的书架
  • 预约/预借图书
  • 作者相关作品
  • 分类相关作品
  • 丛书相关作品
  • 出版社相关作品

书目信息

  • 表格格式
  • 工作单格式
  • 卡片格式
题名:
图解耳鼻咽喉-头颈外科手术配合
    
 
作者: 钟玲 , 陈吉 , 刘世喜 主编
分册:  
出版信息: 北京   科学出版社  2015
页数: 305页
开本: 26cm
丛书名: 图解手术配合丛书
单 册:
中图分类: R762-64 , R653-64
科图分类:
主题词: 耳鼻喉外科手术--图解 , 颈--外科手术--图解 , 头部--外科手术--图解
电子资源:
ISBN: 978-7-03-044385-4
000 01144nam0 2200301 450
001 0103539892
005 20150908170635.0
010    @a978-7-03-044385-4@dCNY68.00
100    @a20150626d2015 em y0chiy0120 ba
101 0  @achi
102    @aCN@b110000
105    @aa z 000yy
106    @ar
200 1  @a图解耳鼻咽喉-头颈外科手术配合@9Tu Jie;Xie Er Bi Yan;Ye Hou - Tou Jing;Geng Wai Ke Shou Shu;Zhu Pei He;Ge @f钟玲,陈吉,刘世喜主编@b专著
210    @a北京@c科学出版社@d2015
215    @a305页@d26cm
225 1  @a图解手术配合丛书@f龚仁蓉,李继平,李卡总主编
330    @a全书共10章,主要包括耳鼻咽喉-头颈外科常见手术与手术配合,基本按照手术用物准备、手术体位、消毒铺巾、手术配合及特殊关注点的顺序予以介绍。重点突出手术配合部分,对手术步骤配以解剖、器械及具体操作的图解,循序渐进,图文并茂。
606 0  @a耳鼻喉外科手术@j图解
606 0  @a颈@x外科手术@j图解
606 0  @a头部@x外科手术@j图解
690    @aR762-64@v5
690    @aR653-64@v5
701  0 @a钟玲@4主编@9zhong ling
701  0 @a陈吉@4主编@9chen ji
701  0 @a刘世喜@4主编@9liu shi xi
801  0 @aCN@bAZmarc@c20230907
905    @aBZT@dR762@e5@f2@sR762/5
    
    图解耳鼻咽喉-头颈外科手术配合/钟玲,陈吉,刘世喜主编.-北京:科学出版社,2015
    305页;26cm.-(图解手术配合丛书/龚仁蓉,李继平,李卡总主编)
    
    
    ISBN 978-7-03-044385-4:CNY68.00
    全书共10章,主要包括耳鼻咽喉-头颈外科常见手术与手术配合,基本按照手术用物准备、手术体位、消毒铺巾、手术配合及特殊关注点的顺序予以介绍。重点突出手术配合部分,对手术步骤配以解剖、器械及具体操作的图解,循序渐进,图文并茂。
●
相关链接 在五车中查询图书 在当当中查询图书 在豆瓣中查询图书


正题名:图解耳鼻咽喉-头颈外科手术配合     索取号:R762/5         预约/预借

序号 登录号 条形码 馆藏地/架位号 状态 备注
1 2000025882   2000025882   旧书回溯/ [索取号:R762/5] 在馆    
2 2000025883   2000025883   旧书回溯/ [索取号:R762/5] 在馆    
山东省滨州职业学院图书馆 欢迎您!
大连网信软件有限公司© 版权所有